BUSINESS COMMUNICATION (Record no. 8900)

MARC details
000 -LEADER
fixed length control field 00789nam a22001697a 4500
003 - CONTROL NUMBER IDENTIFIER
control field SGT
020 ## - INTERNATIONAL STANDARD BOOK NUMBER
International Standard Book Number 9788120338487
082 ## - DEWEY DECIMAL CLASSIFICATION NUMBER
Classification number 658.45,KAU
100 ## - MAIN ENTRY--PERSONAL NAME
Personal name KAUL,ASHA
245 ## - TITLE STATEMENT
Title BUSINESS COMMUNICATION
250 ## - EDITION STATEMENT
Edition statement 2ND
260 ## - PUBLICATION, DISTRIBUTION, ETC. (IMPRINT)
Place of publication, distribution, etc NEW DELHI
Name of publisher, distributor, etc PHI
Year of Publication 2014
300 ## - PAGE DESCRIPTION
No. of Pages 254
650 ## - SUBJECT ADDED ENTRY--TOPICAL TERM
Topical term or geographic name as entry element MANAGEMENT
653 ## - KEYWORDS--INDEX TERM
Keyword term Chapter 1 COMMUNICATION: AN OVERVIEW Chapter 2 BARRIERS AND AIDS TO COMMUNICATION Chapter 3 LISTENING Chapter 4 PRESENTATION SKILLS Chapter 5 ASSERTIVENESS Chapter 6 BODY SPORT AND VOICE MODULATIONS Chapter 7 GROUP DISCUSSIONS AND INTERVIEWS CASE STUDY 1 The Eagle CASE STUDY 2 ABC Careers CASE STUDY 3 Kantha Industry CASE STUDY 4 TD Medical Transcription Company CASE STUDY 5 Kumarsons CASE STUDY 6 Phoenix Management Entrance Training Institute
942 ## - ADDED ENTRY ELEMENTS (KOHA)
Source of classification or shelving scheme Dewey Decimal Classification
Koha item type FCM Books
942 ## - ADDED ENTRY ELEMENTS (KOHA)
-- 2
Holdings
Withdrawn status Lost status Source of classification or shelving scheme Damaged status Not for loan Collection code Home library Current library Shelving location Date acquired Vendor Name Cost, normal purchase price SGTU Bill Number Total Checkouts Full call number Accession No. (Barcode) Date last seen Date last borrowed Bill Date Koha item type
    Dewey Decimal Classification     COMMERCE MANAGEMENT SGT Science & Social Sciences Library SGT Science & Social Sciences Library On Display 02/06/2016 KIRTI PRAKASHAN 195.00 SGTU 730 3 658.45,KAU CM1021 14/09/2019 27/08/2019 19/10/2015 FCM Books
    Dewey Decimal Classification   Not For Loan COMMERCE MANAGEMENT SGT Science & Social Sciences Library SGT Science & Social Sciences Library Reference Book 02/06/2016 KIRTI PRAKASHAN 195.00 SGTU 730   658.45,KAU CM1022 02/06/2016   19/10/2015 FCM Books
    Dewey Decimal Classification     COMMERCE MANAGEMENT SGT Science & Social Sciences Library SGT Science & Social Sciences Library On Display 02/06/2016 KIRTI PRAKASHAN 195.00 SGTU 730 7 658.45,KAU CM1023 13/12/2024 12/12/2024 19/10/2015 FCM Books